Diseño de estructura de pavimento flexible de 2 kilómetros Lineales de calle por el método AASHTO 93 y drenaje menor, Juigalpa, Chontales
Presenta el diseño de la estructura de Pavimento y drenaje menor en algunas calles del Barrio Nuevo Amanecer y la Vía principal que conduce al Rastro Municipal, y a las nuevas instalaciones de la Sede de la Universidad Nacional de Ingeniería (UNI-RCJ), para proponer una Solución a la problemáti...
| Main Authors: | , , |
|---|---|
| Other Authors: | |
| Format: | Tesis Section = Libro |
| Language: | Undetermined Spanish |
| Published: |
Managua
UNI/RUACS
2019
|
| Subjects: |
| LEADER | 01363nam a2200289Ia 4500 | ||
|---|---|---|---|
| 008 | 240830s9999 xx 000 0 und d | ||
| 040 | |a BIBLIOTECA-RUPAP Mon 625.85 R763 | ||
| 041 | |a spa | ||
| 082 | |a Mon 625.85 R763 | ||
| 100 | 1 | |a Romero Lumbí, Karen Jazmina | |
| 100 | 1 | |b García Urbina, Rosario Alexander | |
| 100 | 1 | |c Castro Moreno, Mario José | |
| 245 | 1 | 0 | |a Diseño de estructura de pavimento flexible de 2 kilómetros Lineales de calle por el método AASHTO 93 y drenaje menor, Juigalpa, Chontales |
| 260 | |a Managua |b UNI/RUACS |c 2019 | ||
| 300 | |a 96 p. :il. | ||
| 500 | |a Contiene: anexos y CD. | ||
| 502 | |a Tesis (Ingeniero Civil)- UNI, 2019. | ||
| 520 | 3 | |a Presenta el diseño de la estructura de Pavimento y drenaje menor en algunas calles del Barrio Nuevo Amanecer y la Vía principal que conduce al Rastro Municipal, y a las nuevas instalaciones de la Sede de la Universidad Nacional de Ingeniería (UNI-RCJ), para proponer una Solución a la problemática y dificultades que afecta a pobladores de la zona. | |
| 650 | 7 | |a PAVIMENTOS-DISEÑO-NICARAGUA | |
| 650 | 7 | |b PAVIMENTOS DE ASFALTOS | |
| 650 | 7 | |c MATERIALES PARA CARRETERAS | |
| 650 | 7 | |d CONSTRUCCION DE CARRETERAS-NICARAGUA | |
| 650 | 7 | |e SUELOS-CLASIFICACION | |
| 700 | 1 | |a Tutor: |b Bustamante Arteaga, José Fernando | |
| 942 | |c BK |2 ddc | ||
| 991 | |a TESIS | ||
| 999 | |c 16141 | ||